Quick math quiz only a short quiz 12 - Statistics

General Stats
  • This quiz has been taken 56 times
  • The average score is 14 of 15
Answer Stats
Hint Answer % Correct
8 x 9 = 72
100%
2 x 9 = 18
97%
3 x 9 = 27
97%
4 x 9 = 36
97%
5 x 9 = 45
97%
7 x 9 = 63
97%
9 x 9 = 81
97%
1 x 9 = 9
97%
10 x 9 = 90
97%
11 x 9 = 99
97%
12 x 9 = 108
94%
6 x 9 = 54
94%
14 x 9 = 126
89%
15 x 9 = 135
86%
13 x 9 = 117
83%
No matching quizzes found
Score Distribution
Percent of People with Each Score
Percentile by Number Answered
Your Score History
You have not taken this quiz